000 00869nam a2200265 i 4500
003 DO-SdBNP
005 20240612141029.0
007 ta
008 240612s2024 dr 000 j spa d
020 _a9789945938678
040 _aDO-SdBNP
_bspa
_cBNPHU
_erda
082 4 _aRD864.44
_bE74e
_222
100 _aEscarramán, Víctor
_973346
_eautor
245 1 0 _aEcos de la palabra :
_bun mosaico literario /
_cVíctor Escarramán
264 1 _aSanto Domingo :
_bEdiciones EGE,
_bEl gato ediciones,
_c2024.
300 _a294 páginas,
_c23 cm.
336 _2rdacontent
_atexto
_btxt
337 _2rdamedia
_asin mediación
_bn
338 _2rdacarrier
_avolumen
_bnc
500 _aIncluye datos biografícos del autor en la solapa de la portada.
504 _aBibliografía p: 287-293.
590 _aInventariado, 2024/ YL
910 _aYLockward
942 _2ddc
_cLBS1
999 _c56828
_d56828